000 00749cam a2200229 a 4500
001 000011777
005 20200929162548.0
008 880819s1988 mdua b 000 0 spa
020 _a0935318151
040 _aDO-SdBNP
_bspa
_cLC
_dBNPHU
082 _a401.41
_bB423s
100 1 _aBejel, Emilio,
_d1944-
_914225
245 1 3 _aLa subversión de la semiótica :
_banálisis estructural de textos hispánicos /
_cEmilio Bejel y Ramiro Fernández.
260 _aGaithersburg :
_bHispamérica,
_c1988.
300 _a265 p. ;
_c22 cm.
504 _aBibliografía: p. 259-265.
650 4 _aSemiótica
_94668
650 4 _aAnálisis del discurso
_92282
700 1 _aFernandez, Ramiro.
_927859
910 _aCatalogación por copia / LC
049 _aBNGR
999 _c11451
_d11451